Strengthening public service delivery : forging ahead together

Bibliographic Details
Other Authors: Hj. Malek Shah Hj. Mohd Yusoff, Jamaluddin Hj. Ahmad Damanhuri
Format: Book
Published: Kuala Lumpur : National Institute of Public Administration , 2005
Subjects:

MARC

LEADER 00000cam a2200000 7i4500
001 0000019722
005 20070710.0
020 |a 9833109136 
040 |a INS 
090 0 0 |a JQ1062   |b S77 2005 
245 0 0 |a Strengthening public service delivery :   |b forging ahead together   |c Editors Jamaluddin Hj. Ahmad Damanhuri, Hj. Malek Shah Hj. Mohd Yusoff 
260 |a Kuala Lumpur :   |b National Institute of Public Administration ,   |c 2005 
300 |a xxii, 156 p. ;   |c 22 cm. 
650 0 0 |a Civil service   |z Malaysia 
650 0 0 |a Public administration   |z Malaysia 
700 1 |a Hj. Malek Shah Hj. Mohd Yusoff 
700 1 |a Jamaluddin Hj. Ahmad Damanhuri 
999 |a 0000018863   |b BOOK   |c Open Shelf   |e Default branch